000 01996nam a2200529 c 4500
001 53121
003 ES-MaCES
005 20250203133003.0
007 cr |||||||||||
008 240326s2023 sp 000 ||spa d
017 _aNA 2721-2024
_bDL
020 _a9788411633253
020 _a9788411633277 (electrónico)
040 _aES-MaCES
_bspa
_cES-MaCES
041 0 _aspa
_aeng
245 0 0 _aSalario mínimo y el trabajo decente ante la innovación tecnológica en España
_cdirs, Isabel Novo Corti, Isabel Cruz Villalón ; autores, Javier Baquero ... [et al.]
250 _a1ª ed
260 _aCizur Menor (Navarra)
_bAranzadi
_c2023
300 _a268 p.
_c24 cm
490 1 _aEstudios
500 _aPublicación en formato DÚO (papel + libro ectrónico). Disponible en formato electrónico mediante la aplicación PROVIEW
500 _aResumen por capts. en español e inglés
504 _aBibliografía
541 _cCompra
610 1 4 _940979
_aUnión Europea
_tDirectiva sobre unos salarios mínimos adecuados en la Unión Europea, 2022
650 4 _asalario mínimo
_928382
650 4 _aDirectiva de la CE
_929873
650 0 4 _apolítica salarial
_928391
650 0 4 _adistribución del ingreso
_927109
650 0 4 _anegociación colectiva
_928362
650 0 4 _aempleo
_928299
650 0 4 _acambio tecnológico
_928236
650 0 4 _adiscriminación por razones de sexo
_929521
650 0 4 _adesigualdad social
_930789
650 0 4 _acohesión social
_930743
650 0 4 _apaís de la UE
_929020
650 0 4 _aEspaña
_926964
650 0 4 _aevaluación del impacto
_930732
653 1 0 _aRelaciones laborales-Empleo
700 1 _940977
_aNovo Corti, Isabel
_edir.
700 1 _910216
_aCruz Villalón, Jesús
_edir.
700 1 _940978
_aBaquero, Javier
_eed. lit.
830 0 _aEstudios (Thomson Reuters-Aranzadi)
_934937
856 4 _uhttps://miespacio.aranzadilaley.es/Account/Login
_yLegalteca
902 _aLIB Libro
942 _2CES
_cBK
_h2.0.
999 _c53121
_d53121